Quizzes
Events
Quiz Creation
Community
Videos
Private Events
Remove Ads
Sign In
Join for FREE
Feedback
Dark Mode
Quiz Categories
Sports
Geography
Music
Movies
Television
Just For Fun
Miscellaneous
History
Literature
Language
Science
Gaming
Entertainment
Religion
Holiday
For Kids
Quiz Lab
Recent
Popular Today
Quiz Kudos Today
Editor Picks
Curator Picks
Quizzes by...
Day
Popularity
Type
Ratings
Length
Year
Community
Subscriptions
Recent Discussions
Orange Saloon
Badges
Playlists
Quests
Create
Leaderboards
Showdown
Live 5
Trivia Bingo
Activity
Puzzle Library
Sporcle Events
Private Events
Virtual Trivia
Globe League
Become a Host
Pub Owners
SporcleCon
Opinionation
Our Games
Videos
Blog
Mobile Apps
Partnerships
Remove Ads and Go Orange
Feedback
Sports
Athletes
MLB
NBA
NHL
NFL
Soccer
Sports Teams
WWE
NCAA
Football
Premier League
Basketball
Baseball
Hockey
Golf
Tennis
Cricket
Rugby
Auto Racing
Olympics
World Cup
Sports
Athletes
MLB
NBA
NHL
NFL
Soccer
Sports Teams
WWE
NCAA
Football
Premier League
Basketball
Baseball
Hockey
Golf
Tennis
Cricket
Rugby
Auto Racing
Olympics
World Cup
Random Quiz
Search Sporcle
×
Quiz Lab
Quiz Lab
Sports
Premier League
Type in answers that appear in a list
Type in answers that appear in a list
Classic
Best Score? Go Orange.
Premier League Scorers 2014-15 Stats
Can you name all of the Premier League Scorers 2014-15?
By
landy3ncfc
20m
244 Questions
19 Plays
19 Plays
19 Plays
Comments
Comments
Give Quiz Kudos
Give Quiz Kudos
-
- Ratings
hide this ad
Replay
Link that replays current quiz
Next Quiz
Link to next quiz in quiz playlist
You Got
0%
They Got
Avg Score
30%
Avg Friend Score
Upgrade to see
Score Distribution
Jump to the score distribution portion of the page
Score
0/244
Timer
20:00
0
Plays Today
Hint
Answer
% Correct
26
Sergio Aguero
89.5%
12
Wayne Rooney
78.9%
10
Yaya Toure
78.9%
21
Harry Kane
73.7%
20
Diego Costa
73.7%
16
Alexis Sanchez
68.4%
14
Olivier Giroud
68.4%
9
Steven Gerrard
68.4%
6
Oscar
68.4%
5
John Terry
68.4%
4
Mesut Ozil
68.4%
1
Carlos Sanchez
68.4%
14
Eden Hazard
63.2%
12
David Silva
63.2%
6
Leroy Fer
63.2%
5
Philippe Coutinho
63.2%
4
Daniel Sturridge
63.2%
3
Cesc Fabregas
63.2%
7
Raheem Sterling
57.9%
6
Aaron Ramsey
57.9%
4
Branislav Ivanovic
57.9%
3
Laurent Koscielny
57.9%
1
Gary Cahill
57.9%
12
Graziano Pelle
52.6%
11
Wilfried Bony
52.6%
7
Santi Cazorla
52.6%
6
Jordan Henderson
52.6%
5
Theo Walcott
52.6%
4
Adam Johnson
52.6%
4
Radamel Falcao
52.6%
3
Fernandinho
52.6%
2
Jack Wilshere
52.6%
2
Ramires
52.6%
2
Willian
52.6%
2
Rickie Lambert
52.6%
2
Ashley Young
52.6%
1
Glen Johnson
52.6%
1
Pablo Zabaleta
52.6%
1
Nemanja Matic
52.6%
18
Charlie Austin
47.4%
10
Romelu Lukaku
47.4%
10
Diafra Sakho
47.4%
7
Loic Remy
47.4%
5
Andy Carroll
47.4%
4
Enner Valencia
47.4%
4
Danny Welbeck
47.4%
2
Carlton Cole
47.4%
2
Aleksander Kolarov
47.4%
2
Hector Bellerin
47.4%
2
Samir Nasri
47.4%
1
Martin Skrtel
47.4%
1
Joe Cole
47.4%
1
Mario Balotelli
47.4%
14
Saido Berahino
42.1%
13
Christian Benteke
42.1%
10
Christian Eriksen
42.1%
8
Peter Crouch
42.1%
7
Charlie Adam
42.1%
7
Gylfi Sigurdsson
42.1%
6
Frank Lampard
42.1%
5
Adam Lallana
42.1%
5
Steven Jovetic
42.1%
4
Chris Smalling
42.1%
4
Wilfried Zaha
42.1%
4
Edin Dzeko
42.1%
4
Phil Jagielka
42.1%
4
Didier Drogba
42.1%
3
Andreas Weimann
42.1%
2
Aaron Lennon
42.1%
2
Chris Brunt
42.1%
2
Fernando
42.1%
1
Gael Clichy
42.1%
6
Gabriel Agbonlahor
36.8%
11
Danny Ings
36.8%
11
Papiss Cisse
36.8%
11
Nacer Chadli
36.8%
10
Robin Van Persie
36.8%
9
Juan Mata
36.8%
8
Jonathan Walters
36.8%
7
Kevin Mirallas
36.8%
6
Ander Herrera
36.8%
5
Jamie Vardy
36.8%
Hint
Answer
% Correct
5
James Milner
36.8%
4
Moussa Sissoko
36.8%
3
Jonjo Shelvey
36.8%
3
Nathan Dyer
36.8%
2
Daley Blind
36.8%
2
Leighton Baines
36.8%
2
Ryan Shawcross
36.8%
2
Tomas Rosicky
36.8%
2
Erik Lamela
36.8%
1
Marko Arnautovic
36.8%
1
Mathieu Flamini
36.8%
1
Michael Carrick
36.8%
1
Alex Oxlade-Chamberlain
36.8%
11
Mame Biram Diouf
31.6%
10
Sadio Mane
31.6%
6
Stewart Downing
31.6%
6
Marouane Fellaini
31.6%
5
Esteban Cambiasso
31.6%
5
Shane Long
31.6%
4
Morgan Schneiderlin
31.6%
4
Jermain Defoe
31.6%
3
Seamus Coleman
31.6%
3
Angel Di Maria
31.6%
3
Victor Wanyama
31.6%
3
Tom Cleverley
31.6%
3
Jack Cork
31.6%
3
Danny Rose
31.6%
3
Andre Schurrle
31.6%
2
James Morrison
31.6%
2
Nathaniel Clyne
31.6%
1
Ciaran Clark
31.6%
1
Mathieu Debuchy
31.6%
1
James Tomkins
31.6%
1
Kevin Nolan
31.6%
1
Martin Demichelis
31.6%
1
Joel Ward
31.6%
1
James Ward-Prowse
31.6%
1
Robert Huth
31.6%
1
Joe Allen
31.6%
11
Leonardo Ulloa
26.3%
7
Bafetimbi Gomis
26.3%
7
Ayoze Perez
26.3%
5
David Nugent
26.3%
5
Steven Fletcher
26.3%
5
Connor Wickham
26.3%
4
Fraizer Campbell
26.3%
4
Bojan Krkic
26.3%
4
Abel Hernandez
26.3%
4
Yannick Bolasie
26.3%
4
Dusan Tadic
26.3%
4
Riyad Mahrez
26.3%
3
Samuel Eto'o
26.3%
2
Alberto Moreno
26.3%
2
Emmanuel Adebayor
26.3%
2
Mark Noble
26.3%
2
Aaron Cresswell
26.3%
2
Andros Townsend
26.3%
2
Wes Morgan
26.3%
2
James McCarthy
26.3%
2
Ross Barkley
26.3%
1
Roberto Soldado
26.3%
1
Winston Reid
26.3%
1
Calum Chambers
26.3%
1
Scott Sinclair
26.3%
1
Darren Fletcher
26.3%
1
Gareth McAuley
26.3%
1
Moussa Dembele
26.3%
8
Nikica Jelavic
21.1%
7
Glenn Murray
21.1%
5
Dwight Gayle
21.1%
6
Jason Puncheon
21.1%
4
Mohamed Diame
21.1%
4
Cheikou Kouyate
21.1%
3
Victor Anichebe
21.1%
3
Steven N'Zonzi
21.1%
2
Eric Dier
21.1%
2
Ryan Bertrand
21.1%
2
Mauro Zarate
21.1%
2
Leon Osman
21.1%
2
Joe Ledley
21.1%
2
Ben Mee
21.1%
2
Scott Dann
21.1%
Hint
Answer
% Correct
1
Joleon Lescott
21.1%
1
Stephane Sessegnon
21.1%
1
Toby Alderweireld
21.1%
1
Alan Hutton
21.1%
1
Lee Cattermole
21.1%
1
Steven Taylor
21.1%
1
Sandro
21.1%
1
Clint Hill
21.1%
1
Joey Barton
21.1%
1
John Stones
21.1%
1
Danny Graham
21.1%
5
Dame N'Doye
15.8%
5
Mile Jedinak
15.8%
5
George Boyd
15.8%
4
Brown Ideye
15.8%
4
Jordi Gomez
15.8%
3
Morgan Amalfitano
15.8%
3
Matthew Phillips
15.8%
3
Wayne Routledge
15.8%
3
Bobby Zamora
15.8%
3
Craig Gardner
15.8%
2
Brede Hangeland
15.8%
2
Marouane Chamakh
15.8%
2
Lazar Markovic
15.8%
1
Maya Yoshida
15.8%
1
Gaston Ramirez
15.8%
1
Fabricio Coloccini
15.8%
1
Steven Caulker
15.8%
1
Sone Aluko
15.8%
1
Ryan Mason
15.8%
1
Paul Konchesky
15.8%
1
Fabio Borini
15.8%
1
Jefferson Montero
15.8%
1
James Wilson
15.8%
1
Jonas Olsson
15.8%
1
Jake Livermore
15.8%
1
Remy Cabella
15.8%
6
Steven Naismith
10.5%
5
Ashley Barnes
10.5%
3
Sebastian Larsson
10.5%
3
Jeffrey Schlupp
10.5%
3
Jack Rodwell
10.5%
3
Victor Moses
10.5%
2
Craig Dawson
10.5%
2
Niko Kranjcar
10.5%
2
Ahmed Elmohamady
10.5%
2
Sammy Ameobi
10.5%
2
Yoan Gouffran
10.5%
2
Anderj Kramaric
10.5%
2
James McArthur
10.5%
2
Andy King
10.5%
1
Mike Williamson
10.5%
1
Arouna Kone
10.5%
1
Emre Can
10.5%
1
Siem De Jong
10.5%
1
Michael Dawson
10.5%
1
Emmanuel Riviere
10.5%
8
Ki Sung-Yeung
5.3%
4
Jack Colback
5.3%
3
Eduardo Vargas
5.3%
2
James Chester
5.3%
2
Eljiero Elia
5.3%
2
Scott Arfield
5.3%
2
Marc Albrighton
5.3%
1
Silvestre Varela
5.3%
1
Chris Wood
5.3%
1
Gabriel Obertan
5.3%
1
David Meyler
5.3%
1
Jores Okore
5.3%
1
Rolando Aarons
5.3%
1
Graham Dorrans
5.3%
1
Daryl Janmaat
5.3%
1
Aidan McGeady
5.3%
1
Paul McShane
5.3%
1
Stephen Quinn
5.3%
1
Marcin Wasilweski
0%
1
Ross Wallace
0%
1
Michael Kightly
0%
1
Nelson Oliveira
0%
1
Jonas Gutierrez
0%
Quiz Playlist
Details
Report
Send in Message
Add To Playlist
Classic:
Type in answers that appear in a list
Last Updated: Feb 16, 2017
Quiz Scoreboard
CHALLENGE
Sign Up to Join the Scoreboard
Show All
Scores
Hide
Comments
May contain spoilers
Recently Published
Billboard Blitz: Fleetwood Mac
by CooCooCachoo
Music
15s
Presidents Visiting Landmarks
by Hejman
History
7m
An Introduction to Baseball
by treessimontrees
Sports
5m
More to Explore
Quiz From the Vault
Featured Blog Post
Where Did the Easter Bunny Come From?
hide this ad
You Might Also Like...
Tags
Premier League Quiz
League
Premier
Scorer
Today's Top Quizzes in Sports
Browse Sports
hide this ad
Today's Top Quizzes in Premier League
Browse Premier League
Top Contributed Quizzes in Sports
1
Les meilleurs buteurs des matchs entre le PSG et l’OM
2
2022 World Cup Stars
3
FIFA Club World Cup Champions
4
Les entraîneurs de l'OM et du PSG au 21e siècle
5
Criteria MLB: Left Handed Sluggers
6
Name the Premier League winners with different clubs
7
5-to-1: UK Sports Teams
8
AFC Teams Reveal (Wrong Answers Minefield)
9
Players with Multiple 50 Home Run Seasons
10
5-to-1: FBS Animal Nicknames
Explore More
Trending Topics
Marvel
Harry Potter
Crossword
Disney
NBA
Anime
Kpop
Country
Soccer
Pokémon
Puzzle
Song
NFL
The Office
WWE
hide this ad
More By:
landy3ncfc
Quiz
Plays
Rating
Category
Featured
Created
Premier League Scorers 2014-15
19
Sports
Jun 28, 2015
Go to Creator's Profile
Score Distribution
Quiz Creator Spotlight
landy3ncfc
Follow
Send a Message
Quizzes Created
-
Created Quiz Play Count
-
More By This Creator
Popular Quizzes Today
1
Find the US States - No Outlines Minefield
2
Find the Countries of Europe - No Outlines Minefield
3
The Countries of the World
4
Find the US States
5
US States
6
Popular People in 1961
7
Risky Map Clicking: Biggest States A-Z
8
Movies - When Are They Set?
More Sports Quizzes
Which player is missing? (UEFA Cup/Europa League)
Quiz Lab
Trending Quizzes
Risky Map Clicking: Least Populous States A-Z
1-10 Letter G Words
1-10 Letter F Words
Risky Map Clicking: Next State Alphabetically
Risky Map Clicking: Biggest States A-Z
Recently Updated
Leaping Animals
pecheneg
Reality TV Shows (A-Z)
bhenderson79
Rickey Henderson's Hall of Fame Teammates
pecheneg
Champions League XIs: Arsenal
pecheneg
Quick Pick: Celebrities in WWE's Hall of Fame
aduchscher
A-Z Keypad Blitz II
pecheneg
Multiple Oscar Actors
pecheneg
Mystery Phrase Blitz: Oscar 'Best Actors'
pecheneg
F. Scott Fitzgerald Novels
LTH
Pick 3 Villains
ddd62291
Trending Topics
Disney
Marvel
Crossword
Anime
Kpop
NBA
Harry Potter
WWE
The Office
Pokémon
Song
Country
Soccer
NFL
Puzzle
Your Account Isn't Verified!
In order to create a playlist on Sporcle, you need to verify the email address you used during registration. Go to your
Sporcle Settings
to finish the process.
Report this User
Report this user for behavior that violates our
Community Guidelines
.
Details:
Send Report
Go to the Sporcle.com Mobile Site →
Comments